Central Library OPAC University of Rajshahi

The rise of civilization in India and Pakistan / (Record no. 64703)

MARC details
000 -LEADER
fixed length control field 01010nam a2200301 a 4500
001 - CONTROL NUMBER
control field 64703
003 - CONTROL NUMBER IDENTIFIER
rucl marc code BD-RjUL
005 - DATE AND TIME OF LATEST TRANSACTION
control field 20211209081336.0
008 - FIXED-LENGTH DATA ELEMENTS--GENERAL INFORMATION
fixed length control field 170219r19961982enka b 001 0 eng d
020 ## - INTERNATIONAL STANDARD BOOK NUMBER
International Standard Book Number 0521242444
International Standard Book Number 052128550X (pbk.)
035 ## - SYSTEM CONTROL NUMBER
System control number (BD-RjUL)64833
040 ## - CATALOGING SOURCE
Original cataloging agency DLC
Transcribing agency DLC
Modifying agency BD-RjUL
Language of cataloging eng
041 ## - LANGUAGE CODE
Language code of text/sound track or separate title eng
082 00 - DEWEY DECIMAL CLASSIFICATION NUMBER
Classification number 954.02
Edition number 23
Author mark and year ALR 1996
100 1# - MAIN ENTRY--PERSONAL NAME
Personal name Allchin, Bridget
9 (RLIN) 189768
245 14 - TITLE STATEMENT
Title The rise of civilization in India and Pakistan /
Statement of responsibility, etc. Bridget and Raymond Allchin.
260 ## - PUBLICATION, DISTRIBUTION, ETC. (IMPRINT)
Place of publication, distribution, etc. Cambridge ;
-- New York :
Name of publisher, distributor, etc. Cambridge University Press,
Date of publication, distribution, etc. c1982 [Reprinted 1996]
300 ## - PHYSICAL DESCRIPTION
Pagination xiv, 379 p. :
Illustrations ill. ;
Size 25 cm.
490 ## - SERIES STATEMENT
Series statement Cambridge world archaeology
500 ## - GENERAL NOTE
General note Includes index.
504 ## - BIBLIOGRAPHY, ETC. NOTE
Bibliography, etc Bibliography: p. [362]-371.
651 #0 - SUBJECT ADDED ENTRY--GEOGRAPHIC NAME
Geographic name India
General subdivision Civilization
Chronological subdivision To 1200.
9 (RLIN) 189769
Geographic name Pakistan
General subdivision Civilization.
9 (RLIN) 191825
700 1# - ADDED ENTRY--PERSONAL NAME
Personal name Allchin, F. Raymond
Fuller form of name (Frank Raymond),
Dates associated with a name 1923-2010.
830 ## - SERIES ADDED ENTRY--UNIFORM TITLE
Uniform title Cambridge world archaeology
942 ## - ADDED ENTRY ELEMENTS (KOHA)
Source of classification or shelving scheme Dewey Decimal Classification
Koha item type Books
Holdings
Lost status Source of classification or shelving scheme Damaged status Not for loan Collection code Permanent Location Current Location Shelving location Date acquired Source of acquisition Cost, normal purchase price Total Checkouts Full call number Date last seen Copy number Koha item type
  Dewey Decimal Classification   Not For Loan Non-fiction Central Library, University of Rajshahi Central Library, University of Rajshahi Reading Room 15/02/1999 Dhaka : Karim International 1816.00   954.02 ALR 1996 19/02/2017 C-1 Books